-
OSWAL, DR.RAJESH J. AND ANTRE, MR.RISHIKESH V.
Entry Personal Name
Number of records used in: 1
001 - CONTROL NUMBER
003 - CONTROL NUMBER IDENTIFIER
005 - DATE AND TIME OF LATEST TRANSACTION
- control field:
20220210121506.0
008 - FIXED-LENGTH DATA ELEMENTS
- fixed length control field:
220210|| aca||aabn | a|a d
040 ## - CATALOGING SOURCE
- Original cataloging agency:
OSt
- Transcribing agency:
OSt
100 ## - HEADING--PERSONAL NAME
- Personal name:
OSWAL, DR.RAJESH J. AND ANTRE, MR.RISHIKESH V.
670 ## - SOURCE DATA FOUND
- Source citation:
Work cat.: (OSt): OSWAL, DR.RAJESH J. AND ANTRE, MR.RISHIKESH V., A BOOK OF COMMUNICATION AND SOFT SKILL DEVELOPMENT